| 000 | 00939cam a22002651 4500 | ||
|---|---|---|---|
| 001 | gs 51000117 | ||
| 003 | DLC | ||
| 005 | 20260227111357.0 | ||
| 008 | 760728s1951 xx 000 0 eng | ||
| 010 | _ags 51000117 | ||
| 035 | _a(OCoLC)2338946 | ||
| 040 |
_aDLC _cOTU _dDLC |
||
| 042 | _apremarc | ||
| 050 | 0 | 0 |
_aTN24.N3 _bK7 |
| 082 | _a553 | ||
| 100 | 1 | _aKral, Victor E. | |
| 245 | 1 | 0 | _aMineral resources of Nye County, Nevada. |
| 260 |
_aReno, _bUniversity of Neveda _c1951. |
||
| 300 |
_axii, 223 p. _billus., 8 fold. maps (in pocket) _c25 cm. |
||
| 490 | 1 |
_aUniversity of Nevada bulletin, _vv. 45 , no. 3 Geology and mining series, no. 50 |
|
| 500 | _a"Publication of the Nevada State Bureau of Mines and the Mackay School of Mines." | ||
| 500 | _a"Recommended references": p. [219]-220. | ||
| 650 | 0 |
_aMines and mineral resources _zNevada _zNye County. |
|
| 810 | 1 |
_aNevada. _bUniversity. Geology and mining series ; _vno. 50. |
|
| 999 |
_c28549 _d28549 |
||